000 00420nam a22001577a 4500
008 151119b xxu||||| |||| 00| 0 eng d
020 _a0030031893
041 0 _aeng
080 _a339.138
245 _aContemporary marketing /
_cLouis E. Boone; David L. Kurtz;
250 _a5th ed.
260 _aUSA:
_b CBS College Publishing;
_c1986.
300 _a578 f.:
_bme il.;
_c24 cm.
650 0 _aMarketing
942 _2udc
_cBK
999 _c1369
_d1369